Apricity / (Record no. 2482)
[ view plain ]
| 000 -LEADER | |
|---|---|
| fixed length control field | 00681nam a22002177a 4500 |
| 005 - DATE AND TIME OF LATEST TRANSACTION | |
| control field | 20260129034902.0 |
| 008 - FIXED-LENGTH DATA ELEMENTS--GENERAL INFORMATION | |
| fixed length control field | 260129b |||||||| |||| 00| 0 eng d |
| 020 ## - INTERNATIONAL STANDARD BOOK NUMBER | |
| International Standard Book Number | 978-621-4143-14-6 |
| 082 ## - DEWEY DECIMAL CLASSIFICATION NUMBER | |
| Classification number | Fic. Z11 2022 |
| 100 ## - MAIN ENTRY--PERSONAL NAME | |
| Personal name | Zaaaxy |
| 9 (RLIN) | 118 |
| 245 ## - TITLE STATEMENT | |
| Title | Apricity / |
| Statement of responsibility, etc. | Zaaaxy |
| 260 ## - PUBLICATION, DISTRIBUTION, ETC. | |
| Place of publication, distribution, etc. | Quezon City: |
| Name of publisher, distributor, etc. | PSICOM Publishing, |
| Date of publication, distribution, etc. | c2022 |
| 300 ## - PHYSICAL DESCRIPTION | |
| Extent | 319p. |
| 490 ## - SERIES STATEMENT | |
| Series statement | Calle Nueva series; |
| Volume/sequential designation | 1 |
| 541 ## - IMMEDIATE SOURCE OF ACQUISITION NOTE | |
| Accession number | 7861 c.1 |
| 650 ## - SUBJECT ADDED ENTRY--TOPICAL TERM | |
| Topical term or geographic name entry element | Romance fiction, Filipino |
| 9 (RLIN) | 115 |
| 650 ## - SUBJECT ADDED ENTRY--TOPICAL TERM | |
| Topical term or geographic name entry element | Man - woman relationship - Fiction, Filipino |
| 9 (RLIN) | 116 |
| 650 ## - SUBJECT ADDED ENTRY--TOPICAL TERM | |
| Topical term or geographic name entry element | Friendship - Fiction, Filipino |
| 9 (RLIN) | 138 |
| 650 ## - SUBJECT ADDED ENTRY--TOPICAL TERM | |
| Topical term or geographic name entry element | College students - Fiction, Filipino |
| 9 (RLIN) | 139 |
| 650 ## - SUBJECT ADDED ENTRY--TOPICAL TERM | |
| Topical term or geographic name entry element | Neighborhood - Fiction, Filipino |
| 9 (RLIN) | 140 |
| Withdrawn status | Lost status | Source of classification or shelving scheme | Damaged status | Not for loan | Home library | Current library | Date acquired | Total Checkouts | Full call number | Barcode | Date last seen | Copy number | Price effective from | Koha item type |
|---|---|---|---|---|---|---|---|---|---|---|---|---|---|---|
| Dewey Decimal Classification | ctu-moalboal | ctu-moalboal | 05/27/2024 | Fic. Z11 2022 | 7861 | 01/29/2026 | 1 | 01/29/2026 | Books-Fiction |